Normal view
MARC view
- الصبيح، عطالله عواد
Entry Personal Name
001 - CONTROL NUMBER
- control field: 63763
003 - CONTROL NUMBER IDENTIFIER
- control field: JO-AjAnu
005 - DATE AND TIME OF LATEST TRANSACTION
- control field: 20230606084415.0
008 - FIXED-LENGTH DATA ELEMENTS
- fixed length control field: 230606|| aca||aabn | a|a d
040 ## - CATALOGING SOURCE
- Original cataloging agency: JO-AjAnu
- Transcribing agency: JO-AjAnu
100 ## - HEADING--PERSONAL NAME
- Personal name: الصبيح، عطالله عواد
670 ## - SOURCE DATA FOUND
- Source citation: Work cat.: (JO-AjAnu)32508: الصبيح، عطالله عواد, author, الوصايا الهاشمية على المقدسات الإسلامية في القدس الشريف(1342-1408ه/ 1924-1988)